Faculty of Law Library — Cairo University

Official Online Catalog

The principles of the law of evidence : (Record no. 76165)

MARC details
000 -LEADER
fixed length control field 01202nam a2200337 i 4500
003 - CONTROL NUMBER IDENTIFIER
control field EG-GICUC
005 - DATE AND TIME OF LATEST TRANSACTION
control field 20260507135228.0
008 - FIXED-LENGTH DATA ELEMENTS--GENERAL INFORMATION
fixed length control field 260507s1882 nju||||fr|||| 00| 0 eng d
040 ## - CATALOGING SOURCE
Original cataloging agency EG-GiCUC
Language of cataloging eng
Transcribing agency EG-GiCUC
Modifying agency EG-GiCUC
Description conventions rda
041 ## - LANGUAGE CODE
Language code of text/sound track or separate title eng
Language code of original eng
082 04 - DEWEY DECIMAL CLASSIFICATION NUMBER
Edition number 21
Classification number 343.39
Item number BE . P
092 04 - LOCALLY ASSIGNED DEWEY CALL NUMBER (OCLC)
Edition number 21
099 ## - LOCAL FREE-TEXT CALL NUMBER (OCLC)
Classification number Law1 10 343.39 BE . P 1882
100 1# - MAIN ENTRY--PERSONAL NAME
Personal name Best, W. M.
Fuller form of name William Mawdesley Best
Relator term Author.
245 14 - TITLE STATEMENT
Title The principles of the law of evidence :
Remainder of title with elementary rules for conducting the examination and cross-examination of witnesses /
Statement of responsibility, etc. by W.M. Best.
Number of part/section of a work VOL 1,
250 ## - EDITION STATEMENT
Edition statement 1st American, from the 6th London ed. of John A. Russell /
Remainder of edition statement by James Appleton Morgan.
264 #1 - PRODUCTION, PUBLICATION, DISTRIBUTION, MANUFACTURE, AND COPYRIGHT NOTICE
Place of production, publication, distribution, manufacture Jersey City :
Name of producer, publisher, distributor, manufacturer Frederick D. LIIN & CO.,
Date of production, publication, distribution, manufacture, or copyright notice 1882.
300 ## - PHYSICAL DESCRIPTION
Extent 526 pages ;
Dimensions 25 cm.
336 ## - CONTENT TYPE
Source rda content
Content type term text
337 ## - MEDIA TYPE
Source rda media
Media type term Computer
338 ## - CARRIER TYPE
Source rda carrier
Carrier type term Online Resource
546 ## - LANGUAGE NOTE
Language note Text in English
650 1# - SUBJECT ADDED ENTRY--TOPICAL TERM
Topical term or geographic name entry element Criminal Law
650 1# - SUBJECT ADDED ENTRY--TOPICAL TERM
Topical term or geographic name entry element Evidence
650 1# - SUBJECT ADDED ENTRY--TOPICAL TERM
Topical term or geographic name entry element Criminal proof
700 1# - ADDED ENTRY--PERSONAL NAME
Personal name Russell, John A
Relator term editor.
700 1# - ADDED ENTRY--PERSONAL NAME
Personal name Morgan, Appleton
Relator term Author.
856 40 - ELECTRONIC LOCATION AND ACCESS
Uniform Resource Identifier <a href="https://fll.law.cu.edu.eg/fulltext/bks/B10-11972.pdf">https://fll.law.cu.edu.eg/fulltext/bks/B10-11972.pdf</a>
905 ## - Cataloger and Reviser Names
Cataloger Name: Gomana
942 ## - ADDED ENTRY ELEMENTS (KOHA)
Source of classification or shelving scheme Dewey Decimal Classification
Suppress in OPAC No
Koha item type Books
Edition 21
Holdings
Withdrawn status Lost status Source of classification or shelving scheme Materials specified (bound volume or other part) Damaged status Not for loan Collection Home library Current library Date acquired Total checkouts Full call number Barcode Date last seen Copy number Price effective from Koha item type
    Dewey Decimal Classification V1   Not for loan القانون الجنائي جــــامعة القــاهرة مكتبة كلية الحقوق - المبنى الرئيسي 07.05.2026   Law1 10 343.39 BE . P 1882 1011972 V1, C1 B10-11972 07.05.2026 1 07.05.2026 Books

© All rights reserved — Faculty of Law, Cairo University